[Event "ROM-ch sf"]
[Site "Sovata"]
[Date "2001.03.10"]
[Round "1"]
[White "Fugulyan, Grigore"]
[Black "Spulber, Cicirone"]
[Result "0-1"]
[WhiteElo "2102"]
[BlackElo "2380"]
[PlyCount "69"]
[EventDate "2001.03.10"]
[EventType "swiss"]
[EventRounds "11"]
[EventCountry "ROU"]
[SourceTitle "EXT 2008"]
[Source "ChessBase"]
[SourceDate "2007.11.25"]
[SourceVersion "1"]
[SourceVersionDate "2007.11.25"]
[SourceQuality "1"]

1. d4 d5 2. c4 c6 3. Bf4 e6 4. e3 Nf6 5. h3 Bb4+ 6. Nd2 Bxd2+ 7. Qxd2 Ne4 8. Qb4 Na6 9. Qa3 Qb6 10. Bd3 Nb4 11. Bb1 a5 12. Ne2 Qa6 13. Bxe4 dxe4 14. Qc3 Nd3+ 15. Kf1 0-0 16. Kg1 b5 17. b3 a4 18. Kh2 Nxf2 19. Rhf1 Nd3 20. Bd6 Rd8 21. c5 b4 22. Qc2 Bd7 23. g4 axb3 24. Qxb3 Nxc5 25. Qc2 Qd3 26. Qxd3 Nxd3 27. Ng3 f5 28. gxf5 exf5 29. Nh5 Be6 30. Be5 Nxe5 31. dxe5 Rd2+ 32. Kg3 Ra3 33. Kf4 h6 34. h4 Rg2 35. Ng3 0-1

[Event "ROM-ch"]
[Site "Baile Tusnad"]
[Date "2001.02.19"]
[Round "14"]
[White "Danilov, Vladimir"]
[Black "Spulber, Cicirone"]
[Result "1-0"]
[WhiteElo "2343"]
[BlackElo "2380"]
[PlyCount "63"]
[EventDate "2001.02.05"]
[EventType "tourn"]
[EventRounds "14"]
[EventCountry "ROU"]
[EventCategory "7"]
[SourceTitle "CBM 080 Extra"]
[Source "ChessBase"]
[SourceDate "2001.03.08"]
[SourceVersion "1"]
[SourceVersionDate "2001.03.08"]
[SourceQuality "1"]

1. d4 d5 2. c4 c6 3. Nf3 Nf6 4. Nc3 a6 5. c5 g6 6. Bf4 Bg7 7. e3 0-0 8. Be2 Bg4 9. Qb3 Bxf3 10. Bxf3 Qc8 11. 0-0 Nbd7 12. Rad1 Re8 13. Na4 Ra7 14. Rd2 e5 15. dxe5 Nxe5 16. Bxe5 Rxe5 17. Rfd1 h5 18. Rd4 a5 19. g3 Qc7 20. e4 Nxe4 21. Bxe4 Rxe4 22. Rxe4 dxe4 23. Qb6 Qxb6 24. cxb6 Ra8 25. Rd7 Rb8 26. Nc5 Bxb2 27. Kf1 Bf6 28. Rxb7 Rxb7 29. Nxb7 Bd4 30. Nxa5 Bxb6 31. Nxc6 Kf8 32. a4 1-0

[Event "ROM-ch"]
[Site "Baile Tusnad"]
[Date "2001.02.14"]
[Round "9"]
[White "Spulber, Cicirone"]
[Black "Ionescu, Doru Alexandru"]
[Result "0-1"]
[WhiteElo "2380"]
[BlackElo "2390"]
[PlyCount "62"]
[EventDate "2001.02.05"]
[EventType "tourn"]
[EventRounds "14"]
[EventCountry "ROU"]
[EventCategory "7"]
[SourceTitle "CBM 080 Extra"]
[Source "ChessBase"]
[SourceDate "2001.03.08"]
[SourceVersion "1"]
[SourceVersionDate "2001.03.08"]
[SourceQuality "1"]

1. c4 Nf6 2. Nf3 g6 3. g3 Bg7 4. Bg2 0-0 5. 0-0 Nc6 6. Nc3 d5 7. cxd5 Nxd5 8. d4 Nb6 9. d5 Na5 10. Qc2 c6 11. dxc6 Nxc6 12. Rd1 Bd7 13. h3 Qc8 14. Kh2 Bf5 15. e4 Be6 16. Bd2 Nb4 17. Qb1 Rd8 18. Be1 Bc4 19. a4 a5 20. e5 Nd3 21. b3 Nxe1 22. Rxe1 Bd3 23. Qb2 Qc5 24. Rac1 Qb4 25. Nd1 Bh6 26. Rc3 Be4 27. Rf1 Rxd1 28. Rxd1 Nxa4 29. Qa1 Nxc3 30. Rd4 Qxb3 31. Nd2 Bxd2 0-1

[Event "ROM-ch"]
[Site "Baile Tusnad"]
[Date "2001.02.06"]
[Round "2"]
[White "Nanu, Ciprian Costica"]
[Black "Spulber, Cicirone"]
[Result "1-0"]
[WhiteElo "2418"]
[BlackElo "2380"]
[PlyCount "153"]
[EventDate "2001.02.05"]
[EventType "tourn"]
[EventRounds "14"]
[EventCountry "ROU"]
[EventCategory "7"]
[SourceTitle "CBM 080 Extra"]
[Source "ChessBase"]
[SourceDate "2001.03.08"]
[SourceVersion "1"]
[SourceVersionDate "2001.03.08"]
[SourceQuality "1"]

1. e4 c5 2. Nf3 Nc6 3. Bb5 g6 4. 0-0 Bg7 5. Bxc6 dxc6 6. d3 e5 7. Be3 b6 8. a4 Bg4 9. a5 Nf6 10. b4 cxb4 11. axb6 axb6 12. Bxb6 Qc8 13. Nbd2 Nd7 14. Be3 0-0 15. h3 Rxa1 16. Qxa1 Bxf3 17. Nxf3 Qb7 18. Qb2 c5 19. Ra1 Ra8 20. Ra2 h6 21. Qa1 Rxa2 22. Qxa2 Bf8 23. Nd2 Nb8 24. f3 Kg7 25. Nc4 Nc6 26. Qa1 f6 27. Qa4 Be7 28. Nd2 Nd8 29. Qe8 g5 30. Nb3 Qc7 31. Kh1 Ne6 32. Nd2 Qd8 33. Qc6 Qd6 34. Qc8 Kf7 35. Nf1 Qd8 36. Qa6 h5 37. Ng3 Ng7 38. Qc4+ Kg6 39. Nf1 Qc8 40. g4 h4 41. Nd2 Qe6 42. Qd5 Qa6 43. Kg2 Qa1 44. Qc4 Qe1 45. Nf1 Qc3 46. Qd5 Qxc2+ 47. Bf2 Qa4 48. Ne3 Qa6 49. Qg8 Qe6 50. Qb8 Qd7 51. Qg8 Qe8 52. Qc4 Qf7 53. Nd5 Ne6 54. Be3 Bf8 55. Qb5 Nc7 56. Qc6 Nxd5 57. exd5 Qe7 58. Kf2 Qd6 59. Ke2 Kf7 60. Qb7+ Qe7 61. Qc6 Qd6 62. Qb7+ Qe7 63. Qc8 Qd6 64. Qb7+ Qe7 65. Qc8 Qd6 66. Qb7+ Qe7 67. Qb6 Qd6 68. Qa7+ Kg6 69. Qb7 e4 70. dxe4 c4 71. Qc8 b3 72. Kd1 b2 73. Kc2 Qb4 74. Kb1 Qa3 75. Qf5+ Kg7 76. Qd7+ Kh8 77. Qa7 1-0